| Record ID | ia:doublehelixperso00wats |
| Source | Internet Archive |
| Download MARC XML | https://archive.org/download/doublehelixperso00wats/doublehelixperso00wats_marc.xml |
| Download MARC binary | https://www.archive.org/download/doublehelixperso00wats/doublehelixperso00wats_meta.mrc |
LEADER: 01547cam 2200433 a 4500
001 ocm08059305
003 OCoLC
005 20091117153753.0
008 820113t19691968nyuaf 000 0 eng c
010 $z 68016217
040 $aDXU$cDXU$dWSU$dICA$dCAW$dOCLCQ$dNLGGC$dOCLCG
019 $a252655
035 $a(OCoLC)8059305$z(OCoLC)252655
042 $apcc
050 4 $aQD435$b.W37 1969
082 04 $a574.873$bWat-d, 1969$220
084 $a42.20$2bcl
100 1 $aWatson, James D.,$d1928-
245 14 $aThe double helix :$ba personal account of the discovery of the structure of DNA /$cby James D. Watson.
260 $aNew York, N.Y. :$bNew American Library,$c[1969], c1968.
300 $a143 p., [16] p. of plates :$bill. ;$c18 cm.
490 0 $aSignet non-fiction ;$vQ3770
500 $a"A Signet book."
650 0 $aDNA.
600 10 $aWatson, James D.,$d1928-
650 2 $aBiochemistry$xhistory.
650 2 $aDNA.
650 17 $aGenetica.$2gtt
650 17 $aDNA.$2gtt
650 17 $aStructuuranalyse.$2gtt
650 17 $aOntdekkingen.$2gtt
952 $a8059305$zDXU$bDREXEL UNIV$hFull$iLCC$kDDC$ppcc$u20080804
952 $a173545677$zZZX$bUNIV OF SOUTHERN CALIF, CALL LAW LIBR$hFull$u20071002
952 $a230023625$zHBS$bHARVARD UNIV, BUSINESS SCH, BAKER LIBR$hFull batch$iLCC$u20080617
952 $a235396258$zHLS$bHARVARD UNIV, HARVARD COL LIBR$hFull batch$iLCC$u20080723
029 1 $aNLGGC$b142913839
029 1 $aAU@$b000001087732
994 $aZ0$bPMR
948 $hNO HOLDINGS IN PMR - 162 OTHER HOLDINGS